000 00386nam a22001337a 4500
020 _a9789695032350
040 _cNUST
082 _a891.42 AKS
100 _aMasood Quershi
_988355
245 _aAks Bahu:
_bSultan bahu ka kalam aur urdu translation
260 _aLAHORE:
_bLOK VIRSA,
_c2002.
650 _aUrdu Adab-Sultan bahu ka kalam aur urdu translation
_990522
942 _2ddc
_cBK
999 _c587592
_d587592